| 000 | 00614nam a2200181 a 4500 | ||
|---|---|---|---|
| 005 | 20210219153935.0 | ||
| 008 | 011030s1985 mx r 000 0 spa d | ||
| 035 | _aUPN01000113616 | ||
| 049 | _aCG | ||
| 050 | 4 |
_aZ7120 _bB5.4 1985 |
|
| 245 | 0 | 0 |
_aBibliografía del Instituto Lingüístico de Verano en México : _b1935-1984 / _ccomp. María de Boe de Harris. |
| 260 |
_aMéxico : _bILVAC, _c1985. |
||
| 300 | _a240 p. | ||
| 610 | 2 | 4 |
_aINSTITUTO LINGUISTICO DE VERANO (MEXICO) - _vBIBLIOGRAFIA |
| 650 | 4 |
_aINDIOS DE MEXICO - _xLENGUAS - _vBIBLIOGRAFIA |
|
| 700 | 1 |
_aBoe de Harris, María de, _ecomp. |
|
| 905 | _aLibro | ||
| 999 |
_c87524 _d87524 |
||